Catálogo

Vista normal Vista MARC

Entrada Personal Name

Número de registros utilizados en: 1

001 - CONTROL NUMBER

  • control field: 9181

003 - CONTROL NUMBER IDENTIFIER

  • control field: DLC

005 - DATE AND TIME OF LATEST TRANSACTION

  • control field: 20210716173637.0

008 - FIXED-LENGTH DATA ELEMENTS

  • fixed length control field: 100406n| acannaabn |n aaa

010 ## - LIBRARY OF CONGRESS CONTROL NUMBER

  • LC control number: n 2010020430

040 ## - CATALOGING SOURCE

  • Original cataloging agency: DLC
  • Language of cataloging: spa
  • Transcribing agency: Mx-PuUPA
  • Modifying agency: Mx-PuUPA
  • Description conventions: rda

100 1# - HEADING--PERSONAL NAME

  • Personal name: Hough, Guillermo,

372 ## - FIELD OF ACTIVITY

  • Field of activity: Conservación de alimentos
  • Field of activity: Ámbito sensorial Periodo de validez de los alimentos

373 ## - ASSOCIATED GROUP

  • Associated group: Comisiones de investigaciones científicas
  • Associated group: Instituto Superior Experimental de Tecnología Alimentaria

374 ## - OCCUPATION

  • Occupation: Autor
  • Occupation: Investigador científico

375 ## - GENDER

  • Gender: hombre

377 ## - ASSOCIATED LANGUAGE

  • Language code: eng

670 ## - SOURCE DATA FOUND

  • Source citation: Hough, Guillermo. Sensory shelf life estimation of food products, 2010:
  • Information found: ECIP t.p. (Guillermo Hough)